000 00773nam a2200253Ia 4500
003 OSt
005 20220928105859.0
006 a|||||r|||| 00| 0
007 ta
008 220927b |||||||| |||| 00| 0 eng d
020 _c4583.8359
024 _a105928
037 _b210, 03/02/2010, Aviva Books Company
_cTextual
040 _aSDCL
_cSDCL
_beng
041 _2eng
_aeng
082 _aD6,8 (B2895), P7
100 _aGhosh Sukumar
_9417195
245 0 _aDistributed systems
_b An algorthmic approach.
260 _aBoca Raton
_b Chapman and Hall
_c2007
300 _a402p
_ccm.
650 _aApplied Operation Research
942 _hD6,8 (B2895), P7
_cTEXL
_2CC
999 _c733185
_d733185